00950nmc a2200337 a 4500003000900000005001700009008004100026020001800067040001300085245003400098250001200132260003200144300002400176490005700200521001200257650003100269650001400300650001400314650003400328653002500362653002400387653002700411653002200438700002100460700001900481700002000500700001900520700002600539700002300565700002400588AR-BaBNM20251128210821.0261020s2000 ||||||||||||||000 | spa|| a950-16-5300-5 cAR-BaBNM10aSer humano. Libro pre-escolar a1ª ed. aBuenos AiresbTroquelc20000 a127 p.bil., tablas 0aSer humano. Programa Troquel de educación integral aINICIAL 4aACTIVIDADES DE APRENDIZAJE 4aPROYECTOS 4aIDENTIDAD 4aDESARROLLO DE LA PERSONALIDAD 0aEDUCACION EN VALORES 0aTEMAS TRANSVERSALES 0aESTRATEGIAS DIDACTICAS 0aEDUCACION INICIAL1 aGuibourg, Flavia1 aDeni, Graciela1 aBalza, Federico1 aMarín, Irene1 aMartínez, Alejandra1 aSztamfater, Andrea1 aSmibiansky, Mariana